000 00208 a2200097 4500
001 6972
100 _aSpreadbury, E
245 _aTelevision receiver servicing
260 _a
_bIliffe
_c
090 _c5756
_d5756
942 _aNUST-CAE
_cM
_c32218
999 _c242045
_d242045